[Event "4NCL/Div4/AMCAH vs. FCA2"]
[Site "Wokefield Park ENG"]
[Date "2007.11.25"]
[Round "4.5"]
[White "Periasamymanjula, Mani"]
[Black "Shaw, John S"]
[Result "1/2-1/2"]
[WhiteElo "1636"]
[BlackElo "1890"]
[PlyCount "46"]
[EventDate "2007.11.25"]
[EventType "team"]
[EventRounds "11"]
[EventCountry "ENG"]
[SourceDate "2007.09.15"]

1. e4 c5 2. Nf3 Nc6 3. d4 cxd4 4. Nxd4 Nf6 5. Nc3 e5 6. Nf5 d5 7. exd5 Bxf5 8.
dxc6 Qxd1+ 9. Kxd1 bxc6 10. Bd3 Rd8 11. Ke2 e4 12. Bc4 Bg4+ 13. f3 exf3+ 14.
gxf3 Bf5 15. Be3 Bb4 16. Rhg1 O-O 17. Bd3 Bxd3+ 18. cxd3 Rfe8 19. Kd2 Nd5 20.
Bh6 g6 21. Rae1 f6 22. Kc2 Kf7 23. Bd2 Nxc3 1/2-1/2

[Event "4NCL/Div4/AMCAH vs. FCA2"]
[Site "Wokefield Park ENG"]
[Date "2007.11.25"]
[Round "4.6"]
[White "Evans, Helen"]
[Black "Meechan, Catriona"]
[Result "1-0"]
[WhiteElo "1695"]
[BlackElo "1710"]
[PlyCount "69"]
[EventDate "2007.11.25"]
[EventType "team"]
[EventRounds "11"]
[EventCountry "ENG"]
[SourceDate "2007.09.15"]

1. e4 g6 2. Nc3 Bg7 3. f4 d6 4. Nf3 c6 5. Bc4 h6 6. O-O b5 7. Bb3 Qc7 8. e5 Be6
9. Bxe6 fxe6 10. Qe1 d5 11. Qg3 g5 12. fxg5 hxg5 13. Qxg5 Bh6 14. Qg6+ Kd7 15.
Ne2 c5 16. a4 b4 17. c3 Nc6 18. d4 Bxc1 19. Raxc1 Qa5 20. Nf4 Rh6 21. Qf7 bxc3
22. bxc3 cxd4 23. cxd4 Qxa4 24. Nd3 Qa3 25. Nc5+ Kc7 26. Nxe6+ Kd7 27. Nc5+ Kc7
28. Qxd5 Qe3+ 29. Kh1 Rd8 30. Ne6+ Rxe6 31. Qxe6 Qh6 32. Rxc6+ Kb7 33. Rb1+ Ka8
34. Rc8+ Rxc8 35. Qxc8# 1-0

[Event "4NCL/Div4/PPA2 vs. CONQ2"]
[Site "Wokefield Park ENG"]
[Date "2007.11.25"]
[Round "4.1"]
[White "Dunn, Andrew"]
[Black "Cork, David J"]
[Result "1-0"]
[WhiteElo "2198"]
[BlackElo "2026"]
[PlyCount "85"]
[EventDate "2007.11.25"]
[EventType "team"]
[EventRounds "11"]
[EventCountry "ENG"]
[SourceDate "2007.09.15"]

1. d4 Nf6 2. c4 g6 3. Nc3 Bg7 4. e4 d6 5. Be2 O-O 6. f4 c5 7. Nf3 Bg4 8. dxc5
Qa5 9. Nd2 Bxe2 10. Qxe2 Qxc5 11. Nb3 Qc8 12. O-O Nc6 13. Rd1 a6 14. Nd5 Qd8
15. Be3 Nxd5 16. cxd5 Na5 17. Nd4 b5 18. Rac1 Qd7 19. b3 Rac8 20. Qd2 Rxc1 21.
Rxc1 Nb7 22. b4 Bxd4 23. Bxd4 f5 24. Bb2 Kf7 25. e5 dxe5 26. fxe5 Nd8 27. e6+
Nxe6 28. dxe6+ Qxe6 29. Qd4 Rg8 30. a3 h5 31. Bc3 Qf6 32. Qxf6+ exf6 33. Kf2
Rc8 34. Bb2 Rxc1 35. Bxc1 Ke6 36. Ke3 g5 37. Kd4 Kd6 38. g3 h4 39. gxh4 gxh4
40. Bf4+ Kc6 41. h3 Kb6 42. Kd5 a5 43. Ke6 1-0

[Event "4NCL/Div4/PPA2 vs. CONQ2"]
[Site "Wokefield Park ENG"]
[Date "2007.11.25"]
[Round "4.2"]
[White "Auckland, Elliott"]
[Black "Winfridsson, Ola"]
[Result "0-1"]
[WhiteElo "1904"]
[BlackElo "2108"]
[PlyCount "106"]
[EventDate "2007.11.25"]
[EventType "team"]
[EventRounds "11"]
[EventCountry "ENG"]
[SourceDate "2007.09.15"]

1. d4 Nf6 2. c4 e6 3. Nf3 Bb4+ 4. Bd2 Qe7 5. g3 O-O 6. Bg2 Bxd2+ 7. Qxd2 d6 8.
Nc3 a5 9. O-O e5 10. e4 Re8 11. Rfe1 Bg4 12. dxe5 dxe5 13. Nd5 Nxd5 14. exd5
Bxf3 15. Bxf3 Nd7 16. Rad1 Ra6 17. a3 a4 18. Re3 f5 19. Rde1 Qc5 20. Qb4 Qxb4
21. axb4 Rb6 22. c5 Rxb4 23. c6 bxc6 24. dxc6 Nf6 25. Rxe5 Kf8 26. Rxe8+ {=}
Nxe8 27. Re2 Nd6 28. Rd2 Ke7 29. Bd5 Nb5 30. Kg2 Nd4 31. Bf3 Kd6 32. h3 Kc5 33.
g4 Nxf3 34. Kxf3 fxg4+ 35. hxg4 Kxc6 36. Kg3 Re4 37. f3 Re7 38. g5 Kb5 39. f4
g6 40. f5 gxf5 41. Rd5+ c5 42. Rxf5 Kb4 43. Rf8 Rb7 44. Rf3 Kc4 45. Rc3+ Kd4
46. Rc2 c4 47. Kg4 a3 48. bxa3 Kd3 49. Rf2 c3 50. Rf6 c2 51. Rc6 Kd2 52. Rd6+
Kc3 53. Rc6+ Kb2 0-1

[Event "4NCL/Div4/PPA2 vs. CONQ2"]
[Site "Wokefield Park ENG"]
[Date "2007.11.25"]
[Round "4.3"]
[White "Goodger, Martyn"]
[Black "Suarez Prendes, Rufino"]
[Result "1/2-1/2"]
[WhiteElo "2067"]
[BlackElo "1893"]
[PlyCount "103"]
[EventDate "2007.11.25"]
[EventType "team"]
[EventRounds "11"]
[EventCountry "ENG"]
[SourceDate "2007.09.15"]

1. e4 d5 2. exd5 Qxd5 3. Nc3 Qa5 4. d4 c6 5. Bc4 Nf6 6. Bd2 Qc7 7. Nf3 Bg4 8.
h3 Bxf3 9. Qxf3 e6 10. O-O-O Nbd7 11. Rhe1 O-O-O 12. Bf4 Bd6 13. Bxd6 Qxd6 14.
Kb1 Nb6 15. Bf1 Nbd5 16. Ne4 Nxe4 17. Qxe4 Nf6 18. Qe2 h5 19. h4 Qh2 20. g3 Ng4
21. f3 Qxe2 22. Rxe2 Nf6 23. Re5 Rd6 24. c3 Rhd8 25. Kc2 g6 26. a4 Kc7 27. a5
a6 28. b4 Rd5 29. Re3 R5d6 30. Red3 Nd5 31. Kb3 Ne7 32. Bh3 Nd5 33. Re1 Nf6 34.
Re5 Rd5 35. Rde3 Rxe5 36. Rxe5 Rd5 37. Rxd5 Nxd5 38. Kc4 Kd6 39. Kd3 f5 40. f4
Nc7 41. c4 Kd7 42. Bg2 Kd6 43. Bf3 Kd7 44. Kc3 Kd6 45. Kb3 Kd7 46. Ka3 Kd6 47.
Kb3 Kd7 48. Ka4 Kd6 49. Ka3 Kd7 50. Kb3 Kd6 51. Ka4 Kd7 52. Kb3 1/2-1/2

[Event "4NCL/Div4/PPA2 vs. CONQ2"]
[Site "Wokefield Park ENG"]
[Date "2007.11.25"]
[Round "4.4"]
[White "Winchcombe, Andrew"]
[Black "McMahon, Paul"]
[Result "1-0"]
[WhiteElo "1812"]
[BlackElo "2031"]
[PlyCount "105"]
[EventDate "2007.11.25"]
[EventType "team"]
[EventRounds "11"]
[EventCountry "ENG"]
[SourceDate "2007.09.15"]

1. e4 d5 2. exd5 Qxd5 3. Nc3 Qd6 4. Nf3 Nf6 5. h3 a6 6. d3 b5 7. a3 Bb7 8. Be2
e5 9. Bg5 Nbd7 10. Bh4 O-O-O 11. Bg3 Qe7 12. O-O h6 13. Qd2 g5 14. Nh2 Nc5 15.
Qe3 e4 16. d4 Ne6 17. Rad1 Bg7 18. Be5 Nd5 19. Nxd5 Bxd5 20. Bxg7 Nxg7 21. Qc3
f5 22. a4 b4 23. Bxa6+ Bb7 24. Qc4 Ne6 25. Bxb7+ Kxb7 26. Qb5+ Kc8 27. Qxf5
Rhf8 28. Qxe4 Rf4 29. Qe2 Qd6 30. d5 Nd4 31. Qd2 Qc5 32. c3 bxc3 33. bxc3 Nf5
34. Qd3 Rf8 35. Qa6+ Kd8 36. Rb1 Nd6 37. Rb8+ Ke7 38. Rxf8 Kxf8 39. Qa8+ Kg7
40. Nf3 Qxc3 41. Qd8 Nf7 42. Qd7 Rf6 43. Rd1 Qc5 44. Nd4 Kg6 45. Qb5 Qa7 46.
Qd3+ Kg7 47. Qc2 Nd8 48. Ne6+ Nxe6 49. dxe6 Rxe6 50. Rd7+ Kf6 51. Qc3+ Kg6 52.
Qd3+ Kf6 53. Qf3+ 1-0

[Event "4NCL/Div4/PPA2 vs. CONQ2"]
[Site "Wokefield Park ENG"]
[Date "2007.11.25"]
[Round "4.5"]
[White "Morris, Simon"]
[Black "Ynojosa, Angelica M"]
[Result "1-0"]
[WhiteElo "1900"]
[BlackElo "1880"]
[PlyCount "57"]
[EventDate "2007.11.25"]
[EventType "team"]
[EventRounds "11"]
[EventCountry "ENG"]
[SourceDate "2007.09.15"]

1. e4 c5 2. Nf3 e6 3. d4 cxd4 4. c3 dxc3 5. Nxc3 a6 6. Bc4 b5 7. Bb3 Bb7 8. Qe2
Qc7 9. O-O d6 10. Bf4 Nd7 11. Rac1 Nc5 12. Rfd1 Rc8 13. Bg3 Nf6 14. e5 dxe5 15.
Nxe5 Qb6 16. Qe3 Be7 17. Bc2 Bd8 18. Bh4 Ncd7 19. Qe1 Nxe5 20. Qxe5 O-O 21. Rd3
Kh8 22. Rh3 Ng4 23. Qh5 f5 24. Bg3 h6 25. Bd1 Qc6 26. Bf3 Qb6 27. Bxg4 fxg4 28.
Be5 gxh3 29. Qxh6+ 1-0

[Event "4NCL/Div4/GUI5 vs. CELT2"]
[Site "Wokefield Park ENG"]
[Date "2007.11.25"]
[Round "4.1"]
[White "Shaw, Matthew"]
[Black "Wagner, Guy"]
[Result "1-0"]
[WhiteElo "1935"]
[BlackElo "1818"]
[PlyCount "63"]
[EventDate "2007.11.25"]
[EventType "team"]
[EventRounds "11"]
[EventCountry "ENG"]
[SourceDate "2007.09.15"]

1. e4 e6 2. d4 d5 3. Nd2 Nf6 4. e5 Nfd7 5. Bd3 c5 6. c3 Nc6 7. Ne2 cxd4 8. cxd4
f6 9. Nf4 Nxd4 10. Qh5+ Ke7 11. Ng6+ hxg6 12. exf6+ Kxf6 13. Qxh8 Kf7 14. O-O
Be7 15. Qxd8 Bxd8 16. Nb3 Nxb3 17. axb3 Nc5 18. Bc2 Bf6 19. b4 Na6 20. Bd2 Bxb2
21. Ra2 Bd4 22. Rc1 Bb6 23. Bd3 e5 24. Rac2 Be6 25. b5 Nb8 26. Be3 d4 27. Bg5
Nd7 28. Be4 Rb8 29. Kf1 Nf6 30. f3 Nxe4 31. fxe4 Bd7 32. Rb1 {time} 1-0

[Event "4NCL/Div4/GUI5 vs. CELT2"]
[Site "Wokefield Park ENG"]
[Date "2007.11.25"]
[Round "4.2"]
[White "Kitchen, Peter J"]
[Black "Deswarte, Ian"]
[Result "1/2-1/2"]
[WhiteElo "1875"]
[BlackElo "1935"]
[PlyCount "100"]
[EventDate "2007.11.25"]
[EventType "team"]
[EventRounds "11"]
[EventCountry "ENG"]
[SourceDate "2007.09.15"]

1. e4 c5 2. Nf3 Nc6 3. d4 cxd4 4. Nxd4 Nf6 5. Nc3 e5 6. Ndb5 d6 7. Bg5 a6 8.
Na3 b5 9. Bxf6 gxf6 10. Nd5 f5 11. exf5 Bxf5 12. c3 Bg7 13. Nc2 O-O 14. Be2 Be6
15. O-O f5 16. f4 e4 17. Kh1 Ra7 18. a4 bxa4 19. Rxa4 a5 20. Nce3 Qb8 21. Qc2
Rc8 22. g4 Nd4 23. Rxd4 Bxd4 24. gxf5 Bxd5 25. Nxd5 Qb7 26. Qxe4 Bc5 27. f6 Qf7
28. Ne7+ Rxe7 29. fxe7 d5 30. Qe5 Qxe7 31. Qxd5+ Qf7 32. Qg5+ Kf8 33. Bd3 Qb7+
34. Qg2 Rb8 35. Be4 Qxb2 36. Qxb2 Rxb2 37. Ra1 Bb6 38. Bxh7 Bc7 39. Ra4 Rf2 40.
h3 Rxf4 41. Rxf4+ Bxf4 42. Bc2 Be3 {=} 43. Kg2 Bd2 44. c4 Be3 45. Kf3 Ba7 46.
Ke4 Bf2 47. Kd5 Be3 48. Kc6 Bf2 49. Kb5 Be3 50. Kxa5 Bf2 1/2-1/2

[Event "4NCL/Div4/GUI5 vs. CELT2"]
[Site "Wokefield Park ENG"]
[Date "2007.11.25"]
[Round "4.3"]
[White "Albrecht, Theo"]
[Black "Larter, Nick"]
[Result "1/2-1/2"]
[WhiteElo "1900"]
[BlackElo "1780"]
[PlyCount "54"]
[EventDate "2007.11.25"]
[EventType "team"]
[EventRounds "11"]
[EventCountry "ENG"]
[SourceDate "2007.09.15"]

1. e4 e6 2. d3 b6 3. c3 Bb7 4. Nd2 c5 5. Ngf3 Nc6 6. Be2 g6 7. Qc2 Bg7 8. O-O
Nge7 9. Re1 O-O 10. Nf1 d5 11. Ng3 d4 12. c4 Qd7 13. Bd1 Rac8 14. a3 a6 15. Bd2
f5 16. exf5 exf5 17. Qc1 Kh8 18. Bh6 Bxh6 19. Qxh6 Ng8 20. Qf4 Qc7 21. Qxc7
Rxc7 22. Ng5 Re7 23. Bf3 Rfe8 24. Kf1 Rxe1+ 25. Rxe1 Rxe1+ 26. Kxe1 Nd8 27.
Bxb7 Nxb7 1/2-1/2

[Event "4NCL/Div4/GUI5 vs. CELT2"]
[Site "Wokefield Park ENG"]
[Date "2007.11.25"]
[Round "4.4"]
[White "Buttell, David"]
[Black "Waldock, Adrian"]
[Result "1/2-1/2"]
[WhiteElo "1755"]
[BlackElo "1880"]
[PlyCount "63"]
[EventDate "2007.11.25"]
[EventType "team"]
[EventRounds "11"]
[EventCountry "ENG"]
[SourceDate "2007.09.15"]

1. d4 e6 2. c4 f5 3. Nc3 Nf6 4. Nf3 Bb4 5. Qc2 O-O 6. e3 c6 7. a3 Be7 8. Bd3 d5
9. cxd5 cxd5 10. Nb5 Nc6 11. Bd2 Bd7 12. Rc1 Rc8 13. Qd1 a6 14. Nc3 Ne4 15. Ne5
Bd6 16. Nxd7 Qxd7 17. f3 Nxd2 18. Qxd2 Rf6 19. f4 Na5 20. Qd1 Nc4 21. Qe2 b5
22. O-O Rcf8 23. g3 Rh6 24. a4 Rb8 25. axb5 axb5 26. Nb1 Rf6 27. b3 Na3 28.
Nxa3 Bxa3 29. Rc2 Rff8 30. Ra1 b4 {= RANGA2 Rfc8} 31. Rc8 {
Rxc8 Rc2 Rc3 = Rxc3 bxc3 Bc2} Qc6 32. Kf2 1/2-1/2

[Event "4NCL/Div4/GUI5 vs. CELT2"]
[Site "Wokefield Park ENG"]
[Date "2007.11.25"]
[Round "4.5"]
[White "Quinn, Joseph"]
[Black "Kitchen, Michael J"]
[Result "1-0"]
[WhiteElo "1758"]
[BlackElo "1730"]
[PlyCount "55"]
[EventDate "2007.11.25"]
[EventType "team"]
[EventRounds "11"]
[EventCountry "ENG"]
[SourceDate "2007.09.15"]

1. e4 e6 2. d4 d5 3. e5 c5 4. c3 Nc6 5. Nf3 a6 6. Be2 Be7 7. O-O cxd4 8. cxd4
Qb6 9. Nc3 Bd7 10. Re1 Rc8 11. Rb1 Nd8 12. Bg5 f6 13. exf6 Nxf6 14. Bxf6 Bxf6
15. Bd3 O-O 16. h3 Nf7 17. Ne2 e5 18. Nc3 Qd6 19. dxe5 Nxe5 20. Nxd5 Nxf3+ 21.
Qxf3 Bd4 22. Qe4 Bxf2+ 23. Kh1 Rfe8 24. Qxh7+ Kf7 25. Qh5+ Kf8 26. Rf1 Qg3 27.
Bg6 Re5 28. Qh8# 1-0

[Event "4NCL/Div4/GUI5 vs. CELT2"]
[Site "Wokefield Park ENG"]
[Date "2007.11.25"]
[Round "4.6"]
[White "Bannon, Senan"]
[Black "Kokossis, Danae"]
[Result "0-1"]
[WhiteElo "1507"]
[BlackElo "1750"]
[PlyCount "92"]
[EventDate "2007.11.25"]
[EventType "team"]
[EventRounds "11"]
[EventCountry "ENG"]
[SourceDate "2007.09.15"]

1. e4 e5 2. Nf3 Nc6 3. Bc4 Nf6 4. d4 exd4 5. e5 d5 6. exf6 dxc4 7. fxg7 Qe7+ 8.
Kf1 Bxg7 9. h3 Be6 10. g3 O-O-O 11. Kg2 Bd5 12. Re1 Bxf3+ 13. Kxf3 Qd7 14. Kg2
h5 15. h4 f5 16. Na3 Kb8 17. Qf3 Ne5 18. Rxe5 Bxe5 19. Nxc4 Qd5 20. Nxe5 Qxe5
21. Bg5 Rde8 22. Rd1 Qe4 23. Rd2 Qxf3+ 24. Kxf3 c5 25. b3 Re4 26. a4 Rhe8 27.
Bf4+ Kc8 28. Bd6 b6 29. Bf4 Kb7 30. Rd3 Re2 31. Rd2 R2e4 32. Rd3 Kc6 33. Rd2 a6
34. Rd3 b5 35. a5 b4 36. Rd2 Kb5 37. Bc7 Rc8 38. Bb6 Rc6 39. Bd8 c4 40. bxc4+
Rxc4 41. Bb6 Kc6 42. Kg2 Kd5 43. f3 Re3 44. g4 fxg4 45. fxg4 hxg4 46. Rf2 Rec3
0-1

[Event "4NCL/Div4/HAL vs. WOB"]
[Site "Wokefield Park ENG"]
[Date "2007.11.25"]
[Round "4.1"]
[White "Walker, Nicholas A"]
[Black "Harley-Yeo, Gareth"]
[Result "1-0"]
[WhiteElo "2090"]
[BlackElo "2077"]
[PlyCount "67"]
[EventDate "2007.11.25"]
[EventType "team"]
[EventRounds "11"]
[EventCountry "ENG"]
[SourceDate "2007.09.15"]

1. e4 c5 2. d4 cxd4 3. c3 dxc3 4. Nxc3 e6 5. Nf3 Nc6 6. Bc4 Bc5 7. O-O Nge7 8.
e5 a6 9. Ne4 Qb6 10. Nxc5 Qxc5 11. Qe2 Ng6 12. Be3 Qa5 13. Bd2 Qc7 14. Rfe1 O-O
15. Rac1 b5 16. Bd3 Bb7 17. h4 f5 18. h5 Nh8 19. Bb4 Rfe8 20. Bd6 Qd8 21. g4 g6
22. hxg6 hxg6 23. gxf5 gxf5 24. Qe3 Nf7 25. Kf1 Nxd6 26. exd6 Qf6 27. Ke2 Rf8
28. Rg1+ Kf7 29. Ng5+ Ke8 30. Nh7 Qxb2+ 31. Kd1 Ne5 32. Be2 f4 33. Bh5+ Kd8 34.
Qb6# 1-0

[Event "4NCL/Div4/HAL vs. WOB"]
[Site "Wokefield Park ENG"]
[Date "2007.11.25"]
[Round "4.2"]
[White "Healey, Michael"]
[Black "Doran, Michael J"]
[Result "1-0"]
[WhiteElo "2010"]
[BlackElo "2005"]
[PlyCount "69"]
[EventDate "2007.11.25"]
[EventType "team"]
[EventRounds "11"]
[EventCountry "ENG"]
[SourceDate "2007.09.15"]

1. f4 d5 2. Nf3 Nf6 3. b3 c5 4. Bb2 Nc6 5. e3 e6 6. g3 Bd6 7. Bg2 Qc7 8. Bxf6
gxf6 9. O-O b6 10. c4 Ba6 11. Na3 O-O-O 12. Nb5 Qd7 13. d4 dxc4 14. bxc4 Na5
15. Qa4 Kb8 16. Rab1 Bb7 17. Qc2 Rc8 18. Rfd1 Qe7 19. Nxd6 Qxd6 20. d5 Ba6 21.
e4 Kc7 22. e5 Qd7 23. d6+ Kb8 24. exf6 Nxc4 25. Bf1 Ne3 26. Ne5 Qb7 27. Bxa6
Qxa6 28. Qe4 Nd5 29. d7 Rc7 30. Nxf7 Nc3 31. d8=Q+ Rxd8 32. Rxd8+ Rc8 33. Qe5+
Ka8 34. Rxc8+ Qxc8 35. Qxc3 1-0

[Event "4NCL/Div4/HAL vs. WOB"]
[Site "Wokefield Park ENG"]
[Date "2007.11.25"]
[Round "4.3"]
[White "Bull, Philip"]
[Black "Davies, Matthew"]
[Result "1/2-1/2"]
[WhiteElo "1925"]
[BlackElo "1937"]
[PlyCount "99"]
[EventDate "2007.11.25"]
[EventType "team"]
[EventRounds "11"]
[EventCountry "ENG"]
[SourceDate "2007.09.15"]

1. d4 d5 2. e3 Bf5 3. Bd3 Bg6 4. f4 e6 5. Nf3 Nf6 6. Qe2 a6 7. Nbd2 Be4 8. O-O
Be7 9. Ng5 Bxd3 10. Qxd3 c5 11. c3 h6 12. Nh3 Nc6 13. Nf2 O-O 14. Nf3 Rc8 15.
Ne5 b5 16. Bd2 Nd7 17. Rae1 f5 18. Qe2 Nf6 19. Ng6 Rf7 20. Nd3 Kh7 21. Nxe7
Qxe7 22. Nxc5 Ne4 23. Nxe4 fxe4 24. Rf2 Na5 25. Ref1 Rcf8 26. Qg4 Nc4 27. Bc1
Nd6 28. Qh3 g6 29. g4 Kg7 30. Qg3 Rc8 31. f5 exf5 32. gxf5 Qg5 33. Qxg5 hxg5
34. fxg6 Rxf2 35. Rxf2 Kxg6 36. Rg2 Nf5 37. Bd2 Nh4 38. Re2 Nf3+ 39. Kh1 b4 40.
Kg2 Rh8 41. Kh1 Rc8 42. Kg2 Nxd2 43. Rxd2 bxc3 44. Rc2 cxb2 45. Rxb2 Kf5 46.
Kg3 Rc3 47. Rf2+ Kg6 48. Re2 Kh5 49. h4 gxh4+ 50. Kf4 1/2-1/2

[Event "4NCL/Div4/HAL vs. WOB"]
[Site "Wokefield Park ENG"]
[Date "2007.11.25"]
[Round "4.4"]
[White "Zhu, Yao Yao"]
[Black "Pugh, Glyn D"]
[Result "1-0"]
[WhiteElo "1997"]
[BlackElo "1960"]
[PlyCount "69"]
[EventDate "2007.11.25"]
[EventType "team"]
[EventRounds "11"]
[EventCountry "ENG"]
[SourceDate "2007.09.15"]

1. e4 e6 2. d4 d5 3. exd5 exd5 4. Bd3 Nc6 5. c3 Be6 6. Nf3 h6 7. O-O Bd6 8. b3
Qe7 9. Re1 Nf6 10. c4 Qd8 11. Nc3 O-O 12. c5 Be7 13. a3 a5 14. Bc2 Bg4 15. Qd3
Bxf3 16. gxf3 Qd7 17. Kh1 Rad8 18. Rg1 Kh8 19. Rg3 b6 20. Bxh6 gxh6 21. Qe3 Ng4
22. Rxg4 Qe6 23. Qd3 f5 24. Ne2 Qf7 25. Rg3 bxc5 26. dxc5 d4 27. Rh3 Qf6 28.
Qd2 f4 29. Nxf4 d3 30. Ng6+ Kg8 31. Rg1 Kf7 32. Bxd3 Ke8 33. Nxf8 Kxf8 34. Qe3
Ne5 35. Rxh6 1-0

[Event "4NCL/Div4/HAL vs. WOB"]
[Site "Wokefield Park ENG"]
[Date "2007.11.25"]
[Round "4.5"]
[White "Banks, Peter"]
[Black "Parry, Matthew"]
[Result "1/2-1/2"]
[WhiteElo "1710"]
[BlackElo "1855"]
[PlyCount "81"]
[EventDate "2007.11.25"]
[EventType "team"]
[EventRounds "11"]
[EventCountry "ENG"]
[SourceDate "2007.09.15"]

1. e4 g6 2. d4 Bg7 3. Nf3 d6 4. Be3 Nf6 5. Nbd2 Ng4 6. Bc4 e5 7. c3 Qe7 8. Bg5
f6 9. Be3 f5 10. Bg5 Bf6 11. Bxf6 Nxf6 12. dxe5 Nxe4 13. Nxe4 fxe4 14. exd6
cxd6 15. Nd4 Bd7 16. Qb3 Bc6 17. O-O Kd8 18. Rae1 Nd7 19. Bd5 Nc5 20. Qc4 Bxd5
21. Qxd5 Re8 22. Nb5 Qe6 23. Qxd6+ Qxd6 24. Nxd6 Re6 25. Rd1 Ke7 26. Nc4 b5 27.
Ne3 Nd3 28. Rd2 Rd8 29. Rfd1 Red6 30. b3 Ke6 31. g3 Rf8 32. c4 bxc4 33. Nxc4
Rd4 34. Ne3 Rf3 35. Rc2 Rd7 36. Rdd2 h5 37. Rc6+ Rd6 38. Rxd6+ Kxd6 39. Re2 Ke5
40. Nd1 Kd4 41. Kf1 1/2-1/2

[Event "4NCL/Div4/HAL vs. WOB"]
[Site "Wokefield Park ENG"]
[Date "2007.11.25"]
[Round "4.6"]
[White "Jones, Jeremy J"]
[Black "Pakenham, John H"]
[Result "1-0"]
[WhiteElo "1649"]
[BlackElo "1680"]
[PlyCount "77"]
[EventDate "2007.11.25"]
[EventType "team"]
[EventRounds "11"]
[EventCountry "ENG"]
[SourceDate "2007.09.15"]

1. d4 d5 2. c4 Nf6 3. Nc3 Bf5 4. cxd5 Nxd5 5. e3 e6 6. a3 c6 7. Nxd5 exd5 8.
Bd3 Bxd3 9. Qxd3 Nd7 10. Nf3 Be7 11. Bd2 a5 12. O-O O-O 13. a4 f5 14. Rfe1 Bd6
15. Bc3 Qf6 16. Qd2 h6 17. Bxa5 Rae8 18. Bb4 Re7 19. Bxd6 Qxd6 20. Qc2 Ree8 21.
Ra3 Ra8 22. Qc3 Nb6 23. a5 Nd7 24. Rc1 Rf6 25. Ne5 Re6 26. Nxd7 Qxd7 27. Qc5
Kf7 28. g3 g6 29. Rcc3 Ra6 30. Rcb3 Qc7 31. Rc3 g5 32. Qxd5 cxd5 33. Rxc7+ Kf6
34. Rxb7 h5 35. b4 Re7 36. Rxe7 Kxe7 37. b5 Ra8 38. a6 Kd7 39. Rc3 1-0